000 00642nam a22002417a 4500
003 UA-OsUOA
001 43158
007 ta
008 20061207b un ||||| |||| 00| 0 ukr d
100 _aБондаренко С.
090 _a821.161.2
_bБ81
942 _cBK
040 _aUA-OsUOA
_brus
_cUA-OsUOA
_dUA-OsUOA
245 _aЕвангелие от тюрьмы
_bстихи о любви
300 _a88 с.
955 _a2
041 _arus
080 _a821.161.2
020 _a966-7328-22-8
260 _aК.
_bРИФ
_c2003
650 7 _a82 Література. Літературознавство
_2UDC
999 _c329292
_d329292